Basic principles and calculations in chemical engineering /

Bibliographic Details
Main Author: Himmelblau, David M. (David Mautner), 1923-2011
Format: Book
Language:English
Published: Englewood Cliffs, N.J. : Prentice-Hall, [1974]
Edition:3d ed.
Series:Prentice-Hall international series in the physical and chemical engineering sciences.
Subjects:

MARC

Tag First Indicator Second Indicator Subfields
LEADER 00000cam a2200000 4500
001 in00000099404
005 20210123063347.0
008 750324s1974 njuad b 001 0 eng
010 |a  73001696  
019 |a 1234194 
020 |a 0130664723 
020 |a 9780130664723 
035 |a (OCoLC)ocm00578834 
035 |a (OCoLC)578834 
035 |9 AAL3825AM 
035 |a (OCoLC)578834  |z (OCoLC)1234194 
040 |a DLC  |c DLC  |d OCL  |d LVB  |d OCLCG  |d AU@  |d NLE  |d DEBBG  |d TXA  |d UtOrBLW 
049 |a TXAM 
050 0 0 |a TP151  |b .H5 1974 
082 0 0 |a 660.2  |2 18 
084 |a CIT 009f  |2 stub 
084 |a VC 5200  |2 rvk 
100 1 |a Himmelblau, David M.  |q (David Mautner),  |d 1923-2011. 
245 1 0 |a Basic principles and calculations in chemical engineering /  |c [by] David M. Himmelblau. 
250 |a 3d ed. 
264 1 |a Englewood Cliffs, N.J. :  |b Prentice-Hall,  |c [1974] 
300 |a xiii, 542 pages :  |b illustrations, 2 folded charts (in pocket) ;  |c 25 cm. 
336 |a text  |b txt  |2 rdacontent 
337 |a unmediated  |b n  |2 rdamedia 
338 |a volume  |b nc  |2 rdacarrier 
490 1 |a Prentice-Hall international series in the physical and chemical engineering sciences 
504 |a Includes bibliographies. 
530 |a Also issued online. 
650 0 |a Chemical engineering  |v Tables. 
830 0 |a Prentice-Hall international series in the physical and chemical engineering sciences. 
994 |a C0  |b TXA 
999 |a MARS 
999 f f |s 471d3a43-89a7-3bfe-a29d-d56e95a3fe39  |i ff99bf53-fa69-3eb1-9b4b-af8bd13c0bab  |t 0 
952 f f |p normal  |a Texas A&M University  |b College Station  |c Sterling C. Evans Library  |d Evans: Library Stacks  |t 0  |e TP151 .H5 1974  |h Library of Congress classification  |i unmediated -- volume  |m A14805596095 
998 f f |a TP151 .H5 1974  |t 0  |l Evans: Library Stacks